[Event "Portugal Open 2019"]
[Site "Lisbon"]
[Date "2019.02.07"]
[Round "7.33"]
[White "Bartel, Michal"]
[Black "Leao, Tiago Miguel Da Sil"]
[Result "1-0"]
[WhiteElo "2306"]
[BlackElo "2084"]
[Annotator "TA"]
[PlyCount "73"]
[EventDate "2019.01.25"]
[EventType "swiss"]
[EventCountry "POR"]
[SourceTitle "playchess.com"]
[Source "ChessBase"]
[SourceQuality "1"]

{[%evp 9,73,35,42,14,24,23,34,37,50,47,44,37,56,55,100,80,69,64,91,88,61,66,75,80,81,80,143,76,62,56,62,30,44,37,52,18,16,-79,20,0,14,16,22,28,44,0,30,28,135,126,145,132,139,143,475,464,1425,1493,1241,1236,1504,1496,29989,29990,29989,5810]} 1. e4 c5 2. Ne2 ({Predecessor:} 2. g3 d6 3. Bg2 Nf6 4. Ne2 e6 5. O-O Be7 6. c3 {1-0 (43) Marczuk,A (1778)-Kaniewska,E (1653) Karpacz 2013}) 2... d6 3. g3 Nc6 4. Bg2 e6 $146 (4... g6 5. c3 Bg4 6. f3 Bd7 7. d4 Bg7 8. Be3 cxd4 9. cxd4 Nf6 10. Nbc3 O-O 11. O-O e5 12. d5 {1-0 (32) Fedorov,A (2561)-Amonatov,F (2615) St Petersburg 2018}) 5. O-O Be7 6. c3 {B20: Sicilian: Unusual White 2nd moves} Nf6 7. d4 cxd4 8. cxd4 {White is slightly better.} d5 9. e5 Nd7 10. Nbc3 a6 11. Be3 b5 ({Predecessor:} 11... O-O 12. h4 {1-0 (43) Marczuk,A (1778)-Kaniewska,E (1653) Karpacz 2013}) 12. Rc1 {And now Nxd5 would win.} Bb7 13. f4 {Hoping for f5.} Nb6 14. b3 b4 15. Nb1 {[%cal Bc3b1,Bb1d2,Bd2f3][%mdl 32]} f5 16. exf6 Bxf6 17. Nd2 Nc8 (17... O-O $142) 18. g4 ({White should try} 18. f5 $1 {Strongly threatening Nf4.} N8e7 19. fxe6) 18... Nd6 $16 19. Nf3 O-O 20. Ng3 g6 21. Ne5 Rc8 22. Rf2 Nb5 23. Qd3 {[#]} (23. Ne2 $11 {keeps the balance.}) 23... Nxe5 (23... Nbxd4 $1 $17 {[%mdl 512]} 24. Nxc6 (24. Bxd4 Nxe5) 24... Rxc6) 24. dxe5 $11 {Black must now prevent Rxc8.} Rxc1+ 25. Bxc1 Bg7 26. Ne2 Qh4 27. h3 Rc8 (27... Bxe5 $5 28. Qe3 Bd6 $11) 28. Bd2 Bf8 {[#]} (28... Qe7 $11 {remains equal.}) 29. Rf1 $1 $16 Qe7 {[#]} 30. f5 $1 {[%cal Rf5g6]} gxf5 31. gxf5 Qc5+ $2 {[%mdl 8192]} (31... Kh8 $16 {is more resistant.} 32. fxe6 Qxe6) 32. Kh1 $18 Qc2 (32... Qe7 $142 33. f6 Qf7) 33. Qg3+ Kh8 34. Bg5 {Threatening mate with Bf6+.} Bg7 35. f6 Qxe2 36. fxg7+ Kg8 37. Qf4 {Accuracy: White = 62%, Black = 31%.} 1-0

[Event "Portugal Open 2019"]
[Site "Lisbon"]
[Date "2019.02.07"]
[Round "7.34"]
[White "Chylewski, Patryk"]
[Black "Roque, Armando Filipe"]
[Result "1-0"]
[WhiteElo "2304"]
[BlackElo "1946"]
[Annotator "TA"]
[PlyCount "105"]
[EventDate "2019.01.25"]
[EventType "swiss"]
[EventCountry "POR"]
[SourceTitle "playchess.com"]
[Source "ChessBase"]
[SourceQuality "1"]

{[%evp 14,105,72,35,54,52,68,50,47,35,56,36,43,42,36,38,41,18,17,9,16,8,25,11,27,22,30,28,33,29,58,18,69,60,115,115,122,96,115,115,115,16,10,5,5,5,5,0,0,8,35,25,31,14,15,17,20,27,89,39,132,83,72,64,74,69,103,43,410,392,722,713,656,642,2185,2256,2089,1812,29985,29973,29973,29974,29989,29973,29966,12441,29980,29981,29981,29981,29983,29984,29985,29986]} 1. d4 Nf6 2. c4 g6 3. Nc3 d5 4. Bf4 Bg7 5. Rc1 (5. e3 c6 6. Nf3 O-O {½-½ (29) Erdos,V (2523)-Ftacnik,L (2567) Sibenik 2007}) 5... c6 6. e3 O-O 7. Nf3 $146 ({Predecessor:} 7. h3 Nbd7 {1-0 (33) Zawierucha,A (2055)-Tylecek,D (1960) Orlova 2004}) 7... Nbd7 8. h3 dxc4 {D93: Grünfeld: 4 Nf3 Bg7 5 Bf4 0-0 6 e3} (8... Qa5 9. Qd2 dxc4 10. Bxc4 Nh5 11. Bh2 e5 12. O-O Nb6 13. Bb3 exd4 14. exd4 Be6 15. Bxe6 fxe6 16. Rfe1 {½-½ (29) Erdos,V (2523)-Ftacnik,L (2567) Sibenik 2007}) 9. Bxc4 Nb6 10. Bd3 Nbd5 {White is slightly better.} 11. Bh2 Qa5 12. Qa4 ({Predecessor:} 12. Qd2 Nxc3 13. bxc3 Be6 14. O-O Qxa2 15. Qxa2 Bxa2 16. c4 {1-0 (33) Zawierucha,A (2055)-Tylecek,D (1960) Orlova 2004}) 12... Qxa4 13. Nxa4 Nb6 14. Nc5 Nfd7 15. Nxd7 (15. Ne4 {looks sharper.} Nf6 16. Ned2 Be6 17. b3 Nfd5 18. a3) 15... Bxd7 16. O-O Be6 17. a3 h6 18. Rfd1 Rfd8 19. Nd2 $36 {[%mdl 2048] White fights for an advantage.} Na4 20. Rc2 Nb6 21. Rdc1 Rac8 22. Ne4 {[#] aiming for Nc5.} Nd7 (22... Na4 $1 $11) 23. b4 $14 a6 (23... Bb3 $14) 24. Nc5 $16 Nxc5 25. bxc5 ({Resist} 25. Rxc5 $6 Bb3 $14) 25... Ra8 26. Rb1 Bc8 27. Rd2 (27. f4 $16) 27... e5 $1 $11 28. Bc4 exd4 29. exd4 Rxd4 30. Rxd4 Bxd4 31. Bd6 Bf6 32. Kh2 Kg7 33. f4 h5 34. g4 hxg4 35. hxg4 g5 (35... Bxg4 $11 {keeps the balance.} 36. Rxb7 g5) 36. Kg3 Kg6 ({Better is} 36... a5 $14) 37. Kf3 gxf4 {[#]} 38. Bd3+ $1 Kg7 39. Kxf4 Bd4 40. Bc4 (40. Be4 $16) 40... f6 $2 {[%mdl 8192]} (40... Bc3 $14) 41. Re1 $18 Be5+ $2 (41... Bb2 42. Re7+ Kh8) 42. Bxe5 fxe5+ 43. Rxe5 {[%mdl 4096] Endgame KRB-KRB} Kf8 {If Black can now play ...Bd7 this consolidates a bit.} 44. Rg5 Ke7 45. Rg8 Kd7 46. g5 Kc7 47. g6 b6 48. cxb6+ Kxb6 49. Rf8 Be6 50. Rxa8 {White mates.} Bxc4 51. Ke3 Ka5 52. Kd4 Bd5 53. Kc5 {Accuracy: White = 55%, Black = 23%.} 1-0

[Event "Portugal Open 2019"]
[Site "Lisbon"]
[Date "2019.02.07"]
[Round "7.35"]
[White "Martin Duque, Jesus"]
[Black "Tscharotschkin, Michael"]
[Result "1/2-1/2"]
[WhiteElo "2393"]
[BlackElo "2178"]
[Annotator "TA"]
[PlyCount "70"]
[EventDate "2019.01.25"]
[EventType "swiss"]
[EventCountry "POR"]
[SourceTitle "playchess.com"]
[Source "ChessBase"]
[SourceQuality "1"]

{[%evp 24,70,29,28,22,0,28,27,50,47,18,47,58,50,50,37,48,0,0,-79,-29,-29,-29,-29,-29,-142,-142,-142,-142,-142,-142,-143,-141,-134,-115,-250,0,0,0,0,0,0,0,0,0,0,0,-953,0]} 1. e4 e6 2. d4 d5 3. Nc3 Bb4 4. e5 c5 (4... Ne7 5. a3 Bxc3+ 6. bxc3 {1-0 (49) Saric,I (2677)-Martinovic,S (2594) Pozega 2018}) 5. a3 Bxc3+ 6. bxc3 Ne7 $146 ({Predecessor:} 6... Qc7 7. Qg4 {1-0 (33) Paichadze,L (2561)-Sibashvili,G (2361) Tbilisi 2015}) 7. Qg4 Qc7 8. Qxg7 Rg8 9. Qxh7 cxd4 10. Ne2 Nbc6 ({Predecessor:} 10... dxc3 11. f4 Nbc6 12. h4 d4 13. h5 Bd7 14. Qd3 {1-0 (33) Paichadze,L (2561)-Sibashvili,G (2361) Tbilisi 2015}) 11. f4 Bd7 (11... dxc3 12. h4 Bd7 13. h5 O-O-O {1-0 (49) Saric,I (2677)-Martinovic,S (2594) Pozega 2018}) 12. Qd3 dxc3 13. h4 {Strongly threatening h5.} O-O-O {C18: French: 3 Nc3 Bb4: Main line: 7 h4 and 7 Qg4} 14. h5 d4 15. h6 ({Reject} 15. Nxd4 Nxd4 16. Qxd4 Bb5 $11) 15... Kb8 {White has an edge.} (15... Rg6 16. h7 Rh8 17. Nxd4 Nxd4 18. Qxd4 Bc6 19. Rh2 {1-0 (49) Saric,I (2677)-Martinovic,S (2594) Pozega 2018}) 16. h7 ({Predecessor:} 16. Rb1 Bc8 17. h7 {1-0 (33) Paichadze,L (2561)-Sibashvili,G (2361) Tbilisi 2015}) 16... Rh8 17. Rb1 Bc8 $1 18. g4 b6 19. Bg2 Bb7 20. Be4 Ng6 {And now ...Ngxe5! would win.} 21. Qf3 (21. Rh5 $11 {remains equal.}) 21... d3 (21... Nf8 {seems wilder.} 22. Rh3 Nd7 23. Qg3 Nc5 24. Bd3 Rd7) 22. cxd3 Ncxe5 23. fxe5 Nxe5 24. Qf4 (24. Bxb7 $11 {keeps the balance.} Nxf3+ 25. Bxf3) 24... Bxe4 $17 25. Qxe4 Nxd3+ 26. Kf1 c2 27. Ra1 {[#] Hoping for Bg5.} f5 $1 {[%cal Rf5e4][%mdl 512]} 28. gxf5 exf5 29. Qh4 {[#]} (29. Qf3 $17) 29... Nxc1 $2 $40 {[%mdl 128] Black is up to no good.} (29... f4 $1 $19 {[%mdl 512]} 30. Rh3 (30. Bxf4 Nxf4) 30... f3 $1 {[%mdl 512]} 31. Rxf3 Rxh7) 30. Rxc1 $11 Rd1+ 31. Kf2 Qc5+ {[%mdl 64] Double Attack} 32. Kg2 Qd5+ 33. Kf2 {Black must now prevent Qg3+.} Qc5+ 34. Kg2 Qd5+ 35. Kg3 $4 {[%mdl 8192] [#]} (35. Kf2 $11 Qc5+) 35... Ka8 $2 {Accuracy: White = 38%, Black = 55%.} (35... Rd3+ $1 $19 36. Kf2 Rf3+ 37. Ke1 {[#]} Rxh7 $1 {[%mdl 512]} 38. Rxc2 Rxh4 39. Rxh4 Qa5+ 40. Rd2 Rxa3) 1/2-1/2

[Event "Portugal Open 2019"]
[Site "Lisbon"]
[Date "2019.02.07"]
[Round "7.36"]
[White "Hill, Alistair"]
[Black "Aguera Naredo, Javier"]
[Result "1-0"]
[WhiteElo "2152"]
[BlackElo "2346"]
[Annotator "TA"]
[PlyCount "19"]
[EventDate "2019.01.25"]
[EventType "swiss"]
[EventCountry "POR"]
[SourceTitle "playchess.com"]
[Source "ChessBase"]
[SourceQuality "1"]

{[%evp 9,19,0,75,64,48,54,54,60,263,263,259,194]} 1. c4 (1. Nf3 d5 2. c4 {½-½ (67) Adhiban,B (2695)-Jumabayev,R (2602) Makati 2018}) 1... e6 $146 ({Predecessor:} 1... Nf6 2. g3 e6 3. Bg2 d5 {0-1 (31) Zhou,D (2079)-Mikhalevski,V (2560) Calgary 2018}) 2. Nf3 d5 3. g3 Nf6 4. Bg2 dxc4 5. O-O b5 (5... a6 $11 {keeps the balance.}) (5... a6 6. Qc2 Nbd7 7. a4 Nb6 8. a5 Nbd5 9. Qxc4 b5 10. axb6 cxb6 11. Nc3 Bb7 12. d4 b5 13. Qb3 Be7 {½-½ (67) Adhiban,B (2695)-Jumabayev,R (2602) Makati 2018}) 6. d3 {A13: English Opening: 1...e6} ({Predecessor:} 6. a4 b4 7. Ne5 Nd5 8. Nxc4 c5 9. b3 Be7 10. Bb2 O-O 11. d3 Bb7 12. Nbd2 Nc6 13. Nf3 {0-1 (31) Zhou,D (2079)-Mikhalevski,V (2560) Calgary 2018}) 6... cxd3 7. Ne5 Nd5 8. Qxd3 {Black must now prevent Rd1.} Ba6 $2 {[#]} ({Black should try} 8... Be7 $14) 9. Rd1 $1 $18 Be7 {intending ...0-0.} 10. e4 ({Not} 10. Bxd5 Qxd5 11. Qxd5 exd5 $11) 1-0

[Event "Portugal Open 2019"]
[Site "Lisbon"]
[Date "2019.02.07"]
[Round "7.37"]
[White "Chinguun, Sumiya"]
[Black "Terryn, Ezra"]
[Result "1-0"]
[WhiteElo "2286"]
[BlackElo "2116"]
[Annotator "TA"]
[PlyCount "59"]
[EventDate "2019.01.25"]
[EventType "swiss"]
[EventCountry "POR"]
[SourceTitle "playchess.com"]
[Source "ChessBase"]
[SourceQuality "1"]

{[%evp 14,59,32,28,43,25,28,29,33,1,65,16,18,6,15,5,81,82,70,83,74,79,78,78,93,87,91,93,95,104,271,273,282,288,266,61,848,821,1019,916,951,1040,1407,1330,1762,1569,1362,1343]} 1. e4 c5 2. Nf3 e6 3. d4 cxd4 4. Nxd4 Nc6 ({Predecessor:} 4... a6 5. Nc3 Qc7 6. Bd3 Nc6 7. Be3 b5 8. Nxc6 Qxc6 9. O-O Bb7 10. a3 Nf6 {1-0 (15) Petrushin,A (2473)-Shkurikhin,I (2350) Moscow 2007}) 5. Nc3 Qc7 6. Be3 a6 7. a3 b5 8. Nxc6 Qxc6 $146 {B48: Sicilian: Taimanov: 5 Nc3 Qc7 6 Be3 a6 without Be2} (8... dxc6 9. Qg4 Nf6 10. Qg3 Qxg3 11. hxg3 e5 12. f3 Be6 13. a4 Rc8 14. axb5 axb5 15. g4 Nd7 16. g5 {1-0 (49) Grischuk,A (2772)-Harikrishna,P (2744) Huaian 2017}) 9. Qf3 Bb7 10. Bd3 Nf6 {White has an edge.} 11. O-O Bc5 (11... Bd6 $11) 12. Rfe1 (12. Qg3 {looks sharper.} O-O 13. e5 Bxe3 14. exf6 Bh6 15. Qh3) ({Predecessor:} 12. Qg3 O-O 13. e5 Nh5 14. Qh3 g6 15. Be4 {1-0 (15) Petrushin,A (2473)-Shkurikhin,I (2350) Moscow 2007}) 12... Bxe3 13. Rxe3 O-O 14. Qh3 e5 (14... d6 $11 {remains equal.}) 15. Nd5 $36 {[%mdl 2048] [#] Black must now prevent Ne7+. White is on the roll.} Qe6 16. Nxf6+ Qxf6 17. Qxd7 Bc8 18. Qc7 Bg4 19. h3 Rfc8 20. Qa5 Be6 21. a4 Bc4 $2 (21... Rab8 $16) 22. axb5 $18 Bxd3 23. Rxd3 ({Don't do} 23. cxd3 $6 Rcb8 $18) 23... Rxc2 24. Rd2 $2 (24. Rf3 $18 Qd6 25. Qa2 (25. bxa6 Rxb2 26. Rc3 h6 $18)) 24... Rc5 $2 {[%mdl 8192]} (24... Rxd2 $14 25. Qxd2 Rd8) 25. b4 {[%cal Bb2b4,Bb4b5][%mdl 32] White is clearly winning.} Rc3 26. bxa6 {[%cal Bb5a6,Ba6a7][%mdl 32]} h6 27. b5 Rac8 28. a7 Rc1+ {[#]} 29. Rd1 $1 ({Not} 29. Rxc1 $2 Rxc1+ 30. Kh2 Qf4+ 31. g3 Qf3 $19) 29... R1c2 30. Rf1 {Accuracy: White = 51%, Black = 19%.} 1-0

[Event "Portugal Open 2019"]
[Site "Lisbon"]
[Date "2019.02.07"]
[Round "7.38"]
[White "Risting, Eivind Olav"]
[Black "Pirola, Claudionor Alcides "]
[Result "1-0"]
[WhiteElo "2282"]
[BlackElo "2113"]
[Annotator "TA"]
[PlyCount "65"]
[EventDate "2019.01.25"]
[EventType "swiss"]
[EventCountry "POR"]
[SourceTitle "playchess.com"]
[Source "ChessBase"]
[SourceQuality "1"]

{[%evp 12,65,30,26,23,30,40,12,22,15,24,-7,24,-29,-29,-44,26,22,34,9,6,4,33,41,34,39,27,37,75,74,56,23,119,110,104,119,107,90,87,85,87,87,87,80,87,91,157,82,79,48,60,76,106,107,139,154]} 1. d4 Nf6 2. c4 g6 3. Nc3 d5 4. Nf3 Bg7 5. Qb3 dxc4 6. Qxc4 a6 7. Bf4 c6 {D96: Grünfeld: Russian System (5 Qb3): sidelines} 8. e4 b5 $146 (8... O-O 9. Be2 Nbd7 10. e5 Nd5 11. Nxd5 cxd5 12. Qb3 Nb8 13. O-O Nc6 14. h3 f6 15. exf6 exf6 {½-½ (29) Kuljasevic,D (2560)-Kulaots,K (2577) Zadar 2011}) ({Predecessor:} 8... O-O 9. Be2 b5 {1-0 (49) Sjodahl,P (2420)-Johansson,C (2178) Lund 2016}) 9. Qd3 (9. Qe2 {is interesting.} O-O 10. Rd1 Nbd7 11. a3 Qa5 12. Bd2) 9... O-O {The position is equal.} 10. Be2 c5 11. dxc5 Bb7 ({Predecessor:} 11... Qxd3 12. Bxd3 Nbd7 13. c6 Nc5 14. Bc2 b4 15. Nd5 Nfxe4 {1-0 (49) Sjodahl,P (2420)-Johansson,C (2178) Lund 2016}) 12. Rd1 (12. Qe3 $142) 12... Qxd3 $11 13. Bxd3 b4 (13... Nfd7 $15) 14. Na4 $36 {[%mdl 2048] White fights for an advantage.} Bxe4 15. Bxe4 Nxe4 16. Be5 f6 17. Bxb8 Raxb8 18. Nd4 Rfc8 19. Nb3 e5 20. f3 Ng5 21. Ke2 Bf8 (21... e4 $11 {keeps the balance.}) 22. Nb6 $16 Rc6 23. Nd7 Rb5 24. Nxf8 Kxf8 25. Rd8+ Ke7 26. Rhd1 {Strongly threatening h4.} Rc7 {[#]} 27. Rh8 $1 Nf7 28. Ra8 a5 ({Black should try} 28... Ng5) 29. Rc1 ({White should play} 29. Rd2) 29... Nd8 30. Rxa5 Rxa5 31. Nxa5 Ra7 32. c6 Ne6 33. c7 $1 {Accuracy: White = 58%, Black = 41%.} 1-0

[Event "Portugal Open 2019"]
[Site "Lisbon"]
[Date "2019.02.07"]
[Round "7.39"]
[White "Pacan-Milej, Kosma"]
[Black "Barbier, Wim"]
[Result "1-0"]
[WhiteElo "2273"]
[BlackElo "2086"]
[Annotator "TA"]
[PlyCount "67"]
[EventDate "2019.01.25"]
[EventType "swiss"]
[EventCountry "POR"]
[SourceTitle "playchess.com"]
[Source "ChessBase"]
[SourceQuality "1"]

{[%evp 17,67,68,74,67,78,36,54,55,64,50,66,48,76,74,100,54,68,22,27,30,73,83,145,135,138,144,153,145,177,166,172,166,158,167,196,203,189,160,233,246,231,218,346,355,354,351,608,600,579,578,739,729]} 1. d4 d6 $146 (1... Nf6 2. c4 d6 {1-0 (38) Bluebaum,M (2519)-Carlstedt,J (2437) Lueneburg 2014}) ({Predecessor:} 1... Nf6 2. c4 d6 3. Nc3 Nbd7 {1-0 (41) Sertic,R (2395)-Avdic,M (2282) Stara Pazova 2010}) 2. Nf3 Nf6 3. c4 Nbd7 4. Nc3 e5 5. Bg5 c6 (5... Be7 6. e3 O-O 7. Qc2 c6 8. Be2 {1-0 (38) Bluebaum,M (2519)-Carlstedt,J (2437) Lueneburg 2014}) ({Predecessor:} 5... Be7 6. e3 {1-0 (41) Sertic,R (2395)-Avdic,M (2282) Stara Pazova 2010}) 6. e3 Be7 7. Qc2 ({Predecessor:} 7. Be2 O-O 8. O-O Re8 9. Qc2 {1-0 (41) Sertic,R (2395)-Avdic,M (2282) Stara Pazova 2010}) 7... Qc7 8. Be2 O-O 9. O-O Re8 10. Rfd1 {A54: Old Indian Defence with Nf3, but without e4} Nf8 (10... g6 11. Rac1 a6 12. b4 Kg7 13. c5 exd4 14. cxd6 Bxd6 15. Rxd4 h6 16. Bh4 g5 17. Qd2 Be5 18. Nxe5 Nxe5 {1-0 (38) Bluebaum,M (2519)-Carlstedt,J (2437) Lueneburg 2014}) 11. b4 a5 ({Predecessor:} 11... h6 12. Bh4 Ng6 13. Bg3 Nh5 14. Bd3 exd4 15. Bxg6 Nxg3 16. Nxd4 fxg6 17. Qxg6 Rf8 18. hxg3 {1-0 (41) Sertic,R (2395)-Avdic,M (2282) Stara Pazova 2010}) 12. b5 {White is slightly better.} Bg4 13. bxc6 bxc6 14. h3 Bxf3 15. Bxf3 ({But not} 15. gxf3 exd4 16. exd4 Qd7 $15) 15... Rac8 16. Qa4 Ne6 17. Bh4 (17. Bxf6 $5 Bxf6 18. Ne4 $14) 17... exd4 18. exd4 c5 19. Nb5 $36 {[%cal Bc3b5,Bb5d4,Bd4c6][%mdl 2080] White is really pushing.} Qb6 (19... Qd7 $142) 20. Rab1 $16 cxd4 21. Nxd4 Qd8 22. Nc6 Qd7 23. Qb5 Qc7 24. Qxa5 Qxa5 25. Nxa5 Rc5 26. Rb5 Rec8 27. Bg3 Ne8 (27... d5 $16) 28. Bb7 $18 R8c7 29. Bd5 Rc8 (29... Nf6 $142 30. a4 g6 31. Bxe6 fxe6 32. Bxd6 Bxd6) 30. Nb7 R5c7 31. a4 {[%cal Ba2a4,Ba4a5][%mdl 32]} Nc5 $2 {[#]} (31... Nf6 32. a5 Nxd5) 32. Nxc5 {White is clearly winning.} Rxc5 33. a5 Nf6 34. Bb7 {Accuracy: White = 71%, Black = 33%.} 1-0

[Event "Portugal Open 2019"]
[Site "Lisbon"]
[Date "2019.02.07"]
[Round "7.40"]
[White "Eggert, Alberto"]
[Black "Bubalovic, Davorin"]
[Result "1/2-1/2"]
[WhiteElo "2132"]
[BlackElo "2249"]
[Annotator "TA"]
[PlyCount "63"]
[EventDate "2019.01.25"]
[EventType "swiss"]
[EventCountry "POR"]
[SourceTitle "playchess.com"]
[Source "ChessBase"]
[SourceQuality "1"]

{[%evp 11,63,30,37,47,38,35,43,26,43,43,52,11,39,36,69,45,95,74,55,73,229,69,85,60,73,74,132,145,222,224,214,189,204,218,654,373,616,610,602,447,302,114,527,523,525,525,508,505,478,290,263,0,455,-544]} 1. d4 Nf6 2. c4 g6 3. Nc3 Bg7 4. e4 d6 5. Nge2 O-O 6. Ng3 Nbd7 {[%cal Bb8d7,Bd7f8,Bf8e6,Be6d4,Bd4f5][%mdl 32]} 7. Be2 {E70: King's Indian: Miscellaneous lines with 4 e4, including 5 Nge2 and 5 Bd3 0-0 6 Nge2} h5 8. h3 Re8 $146 ({Predecessor:} 8... e5 9. d5 a5 10. Bg5 Re8 11. Nf1 Nf8 12. g4 N8h7 13. Be3 h4 14. c5 dxc5 15. Bxc5 {0-1 (37) Terrieux,K (2440)-Bacrot,E (2695) Grosseto Prugna 2015}) 9. Bg5 {White is slightly better.} Nf8 10. Be3 Ne6 11. e5 Nd7 12. f4 {Hoping for f5.} c5 13. f5 $1 {[%cal Rf5e6]} Nxd4 {[#]} 14. e6 $1 {[%cal Re6f7][%mdl 512]} fxe6 15. fxg6 Nf6 $2 (15... Nxe2 $2 16. Qxe2 Rf8 17. Bg5 $18 (17. Qxh5 Nf6 $16) (17. Nxh5 Qe8 $11)) (15... h4 $16 16. Nh5 Nf5) 16. O-O $2 ({Stronger than} 16. Nxh5 Nxh5 17. Bxh5 Rf8 $11) ({Not} 16. Bxd4 cxd4 17. Qxd4 Qb6 $11) ({Better is} 16. Bd3 $18) 16... h4 $1 $14 {[%cal Rh4g3]} 17. Nge4 {Strongly threatening Bd3.} Nf5 $1 {[%cal Rf5e3]} 18. Bf2 Bh6 (18... Rf8 $142) 19. Bd3 Rf8 (19... Kg7 $16 20. Qe2 Rh8) 20. Nxf6+ $18 Rxf6 21. Qh5 Kg7 22. Bxh4 Rxg6 $2 (22... Nxh4 23. Qxh4 Be3+ 24. Kh1 Qh8) 23. Bxf5 exf5 $2 (23... Be3+ 24. Kh1 exf5) 24. Rae1 Be6 25. Nd5 Qh8 {[#] And now ...Be3+! would win.} 26. Kh1 $2 $40 {[%mdl 128] White goes for the king.} ({Don't play} 26. Rxf5 $6 Bd2 $18) (26. Qxg6+ $3 $18 {[%mdl 512]} Kxg6 27. Rxe6+ {[%mdl 64] Double Attack} Kh7 28. Rxe7+ {[%mdl 64] Double Attack} Kg6 29. Bf6) 26... Bd2 $2 {[%mdl 8192] [#]} (26... Be3 $16 27. Qxh8+ Rxh8) 27. Qxg6+ $3 {[%mdl 576] Remove Defender} Kxg6 28. Rxe6+ {[%mdl 64] Double Attack} Kg7 29. Rxe7+ Kg6 30. Re6+ Kf7 31. Re7+ $2 (31. Re4 Qh5 32. Kh2) 31... Kg6 $1 32. Rxf5 $4 {[%mdl 40960] Accuracy: White = 49%, Black = 40%. . An unexpected result.} (32. Bf6 $18 {was the only winning move.} Qf8 33. g4) 1/2-1/2

[Event "Portugal Open 2019"]
[Site "Lisbon"]
[Date "2019.02.08"]
[Round "8.2"]
[White "Iturrizaga Bonelli, Eduardo"]
[Black "Annaberdiev, Meilis"]
[Result "1-0"]
[WhiteElo "2640"]
[BlackElo "2522"]
[Annotator "TA"]
[PlyCount "101"]
[EventDate "2019.01.25"]
[EventType "swiss"]
[EventCountry "POR"]
[SourceTitle "playchess.com"]
[Source "ChessBase"]
[SourceQuality "1"]

{[%evp 9,101,32,30,22,21,10,6,0,0,6,5,0,0,0,0,0,0,0,0,0,0,0,-5,-7,0,-5,-5,-6,26,-8,8,0,47,-8,0,-25,38,31,33,44,68,35,31,38,48,0,0,0,0,0,0,0,0,0,0,0,0,0,179,0,0,0,0,0,0,0,0,0,266,270,531,505,875,869,1192,616,1145,1192,1155,1179,1139,1071,910,696,29964,29965,8897,7629,29976,29977,29984,29984,29997,29998]} 1. d4 d5 2. Nf3 Nf6 3. c4 c6 4. Nc3 a6 5. e3 Bf5 6. Be2 {D15: Slav Defence: 4 Nc3 a6 and gambit lines after 4 Nc3 dxc4} (6. Qb3 Ra7 7. Nh4 Bc8 8. Bd2 e6 9. c5 Nbd7 10. Nf3 e5 11. Nxe5 Nxe5 12. dxe5 Nd7 13. Na4 Bxc5 14. Nxc5 Nxc5 {0-1 (84) Radjabov,T (2757)-Fedoseev,V (2724) Wijk aan Zee 2019}) 6... h6 7. Bd2 e6 8. Qb3 {The position is equal.} Ra7 9. O-O Nbd7 10. c5 Be7 $146 ({Predecessor:} 10... Bg4 11. Qc2 Be7 12. b4 Bxf3 13. Bxf3 O-O 14. a4 {1-0 (36) Levin,F (2563)-Lemmers,O (2386) Belgium 2008}) 11. Rfc1 O-O 12. Qd1 Ne4 13. b4 Nxd2 14. Qxd2 Bf6 15. a4 Qe7 16. Bd3 Bg4 17. Ne1 e5 18. Nc2 Rfa8 19. Rab1 Nf8 20. Re1 Qd8 21. f4 ({White should play} 21. f3 $14 exd4 22. Nxd4 (22. exd4 Bd7 $11)) 21... e4 $11 22. Bf1 g5 ({Better is} 22... g6 $11) 23. Be2 $14 Bd7 24. Rf1 Ng6 25. fxg5 hxg5 26. Bh5 {Black must now prevent Qf2.} Be6 27. Bxg6 fxg6 28. Qf2 Kg7 29. b5 axb5 30. axb5 g4 31. bxc6 bxc6 32. Rb6 Rf7 $1 33. Rxc6 Qe8 $2 {[#]} (33... Be5 $11 34. dxe5 Rxf2 35. Rxf2 Qa5) 34. Rd6 $2 ({White has to play} 34. Rc7 $1 $18 {Hoping for Qxf6+.} Rxc7 35. Qxf6+ Kh7 36. Nb4) 34... Be7 $11 35. Rxe6 Rxf2 36. Rxf2 Qd7 37. Re5 Rf8 38. Rxf8 (38. Rxd5 $2 Qb7 $19) 38... Bxf8 $4 {[%mdl 8192] [#]} (38... Kxf8 $11 39. Nxd5 (39. Rxd5 $2 Qb7 $19) 39... Bd8) 39. Nb4 $1 $18 ({Much less strong is} 39. Nxd5 $6 Qb5 $16) ({Weaker is} 39. Rxd5 Qb7 $17) 39... g3 $2 (39... Be7 {keeps fighting.} 40. Nbxd5 Bd8) 40. hxg3 Qb7 (40... Qg4 $142 41. Kf2 Kh6 42. Nbxd5 Qc8 43. Rxe4 g5) 41. Nbxd5 Qb3 42. Rxe4 Qc4 43. Re6 Kf7 44. Rf6+ Kg7 45. Rb6 Kh6 46. Rb8 Bg7 47. Rb4 Qa6 48. Rb6 Qc4 49. c6 {White mates.} Kh5 50. c7 Bh6 51. Nf6+ {Accuracy: White = 52%, Black = 50%.} 1-0